El complejo de derecha / (Record no. 121867)

MARC details
000 -LEADER
campo de control de longitud fija 00573nam a2200193 4500
001 - NÚMERO DE CONTROL
campo de control 121867
003 - IDENTIFICADOR DE NÚMERO DE CONTROL
campo de control ES-MaACL
005 - FECHA Y HORA DE LA ÚLTIMA TRANSACCIÓN
campo de control 20230906191841.0
007 - CAMPO FIJO DE DESCRIPCIÓN FÍSICA--INFORMACIÓN GENERAL
campo de control de longitud fija t|
008 - DATOS DE LONGITUD FIJA--INFORMACIÓN GENERAL
campo de control de longitud fija 070214s1970 sp r ||||1| spa d
100 1# - ENTRADA PRINCIPAL--NOMBRE DE PERSONA
Nombre de persona Plumyene, Jean.
9 (RLIN) 92674
245 13 - MENCIÓN DEL TÍTULO
Título El complejo de derecha /
Mención de responsabilidad, etc. Jean Plumyene y Raymond Lasierra ; traducción de M. L. Feliu.
250 ## - MENCION DE EDICION
Mención de edición 1ª ed.
260 ## - PUBLICACIÓN, DISTRIBUCIÓN, ETC.
Lugar de publicación, distribución, etc. Barcelona :
Nombre del editor, distribuidor, etc. Kairos,
Fecha de publicación, distribución, etc. 1970.
300 ## - DESCRIPCIÓN FÍSICA
Extensión 196 p. ;
Dimensiones 16 cm.
700 1# - ENTRADA AGREGADA--NOMBRE PERSONAL
Nombre de persona Lasierra, Raymond.
9 (RLIN) 70441
700 0# - ENTRADA AGREGADA--NOMBRE PERSONAL
Nombre de persona Feliu, María Luisa.
9 (RLIN) 49193
852 ## - LOCALIZACIÓN
Ubicación ES-MaACL
Número de control de estantería C-48710
Sublocalización o colección R.73919
Holdings
Estatus retirado Estado de pérdida Estado de daño No para préstamo Biblioteca de origen Biblioteca actual Ubicación en estantería Fecha de adquisición Fuente de adquisición Total de préstamos Signatura topográfica completa Código de barras Visto por última vez Precio de reemplazo Tipo de ítem Koha
        Biblioteca del Ateneo de Madrid Biblioteca del Ateneo de Madrid Depósito 2 17/01/2008     C-48710 1127001 23/02/2023 23/02/2023 Libro impreso